书目信息 |
| 题名: |
杨慎诗选
|
|
| 作者: | 王文才选 注 | |
| 分册: | ||
| 出版信息: | 成都 四川人民出版社 1981.4 |
|
| 页数: | 211页 | |
| 开本: | 20cm | |
| 丛书名: | ||
| 单 册: | ||
| 中图分类: | I222.748 | |
| 科图分类: | ||
| 主题词: | 诗歌--中国 , 韵文--中国 | |
| 电子资源: | ||
| ISBN: | ||
| 000 | 00525nam0 2200193 45 | |
| 001 | 0312221749 | |
| 005 | 20060913150207.53 | |
| 010 | @dCNY0.85 | |
| 100 | @a20031222d1981 km y0chiy0120 ea | |
| 101 | @achi | |
| 200 | 1 | @a杨慎诗选@AYang Shen Shi Xuan@f王文才选注@FWang Wen Cai Xuan Zhu |
| 210 | @a成都@c四川人民出版社@d1981.4 | |
| 215 | @a211页@d20cm | |
| 606 | 0 | @a诗歌@x中国 |
| 606 | 0 | @a韵文@x中国 |
| 690 | @aI222.748@v3 | |
| 701 | 0 | @a王文才选@4注 |
| 801 | @aCN@bTSTCL@c20060913 | |
| 905 | @a213230@dI222.748@e304@b228754@f1 | |
| 杨慎诗选/王文才选注.-成都:四川人民出版社,1981.4 |
| 211页;20cm |
| ISBN :CNY0.85 |
| ● |
| 相关链接 |
|
|
|
|
正题名:杨慎诗选
索取号:I222.748/304
 
预约/预借
| 序号 | 登录号 | 条形码 | 馆藏地/架位号 | 状态 | 备注 |
| 1 | 0228754 | 001833243 | 密集书库/ [索取号:I222.748/304] | 在馆 | |
| 2 | 0472339 | 204723399 | 密集书库/ [索取号:I222.748/304] | 在馆 |